KOHA-Header-6

Precalculus (Record no. 8475)

000 -LEADER
fixed length control field 00246nam a2200109Ia 4500
100 ## - MAIN ENTRY--AUTHOR NAME
Personal name Sullivan,Michael
245 #0 - TITLE STATEMENT
Title Precalculus
260 ## - PUBLICATION, DISTRIBUTION, ETC. (IMPRINT)
Place of publication London
Name of publisher Addison
Year of publication 2001
300 ## - PHYSICAL DESCRIPTION
Number of Pages 156
942 ## - ADDED ENTRY ELEMENTS (KOHA)
Koha item type Books
Holdings
Withdrawn status Lost status Collection code Permanent Location Current Location Shelving location Date acquired Full call number Accession Number Koha item type
    Calculus MAJU MAJU Shelf No.A27 2019-09-14 515.3 3206 Calculus

Powered by Koha